01337nom a22001817a 450000500170000000800410001704100080005808200520006624500520011850007110017065000340088165000310091565000280094665000320097494200070100699900170101395201250103020220608181916.0190718b xxu||||| |||| 00| 0 spa d aESP aPie de persona mayor con úlcera por presión aPie de persona mayor con úlcera por presión aEl modelo anatómico muestra los cuatro estados de una úlcera por presión: Etapa 1: Localizada bajo el dedo del pié; la superficie de la piel esta enrojecida. Etapa 2: Localizada en la planta del pié; la superficie de la piel está enrojecida y esta rojez afecta capas de dermis y epidermis. Etapa 3: Localizada en el lateral del pié; la superficie de la piel está enrojecida, tiene la apariencia de un cráter y alcanza el tejido subcutáneo. Etapa 4: Localizada en el talón del pié; la superficie de la piel esta enrojecida, una gran cantidad de tejido ha resultado dañado, incluidos músculos, huesos, articulaciones y tendones. Se prestan para el mismo día, hasta las 7:50 pm aÚLCERA POR PRESIÓN963533 aLESIONES EN LA PIEL963534 aPERSONAS MAYORES944769 aMODELOS ANATÓMICOS963535 cMA c12129d12129 00104070g149230.00l0oPie de persona mayor con úlcera por presiónpACT-7772r2019-07-18 00:00:00w2019-07-18yMA